Perspectives on the world Christian movement : (Record no. 16936)

MARC details
000 -LEADER
fixed length control field 01165cam a22003254a 4500
001 - CONTROL NUMBER
control field 15499561
003 - CONTROL NUMBER IDENTIFIER
control field OSt
005 - DATE AND TIME OF LATEST TRANSACTION
control field 20251009111218.0
008 - FIXED-LENGTH DATA ELEMENTS--GENERAL INFORMATION
fixed length control field 150206s2009 caua b 001 0 eng
010 ## - LIBRARY OF CONGRESS CONTROL NUMBER
LC control number 2008046331
020 ## - INTERNATIONAL STANDARD BOOK NUMBER
International Standard Book Number 9780878083909 (paper back)
040 ## - CATALOGING SOURCE
Original cataloging agency DLC
Transcribing agency DLC
Modifying agency DLC
050 00 - LIBRARY OF CONGRESS CALL NUMBER
Classification number BV2070
Item number .P46 2009
082 00 - DEWEY DECIMAL CLASSIFICATION NUMBER
Classification number 266 Per 2009
Edition information 22
245 00 - TITLE STATEMENT
Title Perspectives on the world Christian movement :
Remainder of title a reader /
Statement of responsibility, etc. editors: Ralph D. Winter, Steven C. Hawthorne ; associate editors: Darrell R. Dorr, D. Bruce Graham, Bruce A. Koch.
250 ## - EDITION STATEMENT
Edition statement 4th ed.
260 ## - PUBLICATION, DISTRIBUTION, ETC.
Place of publication, distribution, etc. Pasadena, Calif. :
Name of publisher, distributor, etc. William Carey Library,
Date of publication, distribution, etc. c2009.
300 ## - PHYSICAL DESCRIPTION
Extent xviii, 782 p. :
Other physical details ill. ;
Dimensions 26 cm.
504 ## - BIBLIOGRAPHY, ETC. NOTE
Bibliography, etc. note Includes bibliographical references and index.
650 #0 - SUBJECT ADDED ENTRY--TOPICAL TERM
Topical term or geographic name entry element Missions.
650 #0 - SUBJECT ADDED ENTRY--TOPICAL TERM
Topical term or geographic name entry element Evangelistic work.
700 1# - ADDED ENTRY--PERSONAL NAME
Personal name Winter, Ralph D.
700 1# - ADDED ENTRY--PERSONAL NAME
Personal name Hawthorne, Steven C.,
Dates associated with a name 1953-
700 1# - ADDED ENTRY--PERSONAL NAME
Personal name Dorr, Darrell R.
700 1# - ADDED ENTRY--PERSONAL NAME
Personal name Graham, D. Bruce.
700 1# - ADDED ENTRY--PERSONAL NAME
Personal name Koch, Bruce A.
906 ## - LOCAL DATA ELEMENT F, LDF (RLIN)
a 7
b cbc
c orignew
d 1
e ecip
f 20
g y-gencatlg
942 ## - ADDED ENTRY ELEMENTS (KOHA)
Koha item type Books
Source of classification or shelving scheme Dewey Decimal Classification
Holdings
Withdrawn status Lost status Damaged status Not for loan Home library Current library Shelving location Date acquired Total checkouts Full call number Barcode Date last seen Price effective from Koha item type
        Ethiopian Graduate School of Theology Library Ethiopian Graduate School of Theology Library Available at Circulation Section 03/09/2025   266 Per 2009 5858 06/30/2025 03/09/2025 Books